Najzdrowsze owoce - Statystyki

Ogólne statystyki
  • Ten quiz został rozwiązany 32 razy
  • Średni wynik to 6 z 10
Statystyki odpowiedzi
Owoc % Poprawnych
10. Banan
92%
5. Cytryna
84%
2. Truskawki
84%
4. Kiwi
72%
1. Porzeczki
68%
9. Winogrono
56%
8. Awokado
48%
3. Poziomki
48%
7. Granat
44%
6. Grejpfrut
32%
Nie znaleziono quizów pasujących do podanych kryteriów
Rozkład punktacji
Procent ludzi z każdym wynikiem
Percentyl według liczby udzielonych odpowiedzi
Twoja historia wyników
Nie rozwiązałeś tego quizu